LEADER 01059nam2-2200349---450- 001 990003342460203316 005 20091102094623.0 010 $a0-444-10860-2 035 $a000334246 035 $aUSA01000334246 035 $a(ALEPH)000334246USA01 035 $a000334246 100 $a20091102d1975----km-y0itay0103----ba 101 $aeng 102 $aNL 105 $a||||||||001yy 200 1 $aHewitt-Nachbin spaces$fMaurice D. Weir 210 $aAmsterdam$cNorth-Holland publishing$dcopyr. 1975 215 $aVII, 270 p.$cill.$d24 cm 225 2 $aNorth-Holland mathematics studies$enotas de matemática$v57 410 1$1001000334243$12001$aNorth-Holland mathematics studies. Notas de matemática$v57 606 0$aMatematica 676 $a510 700 1$aWEIR,$bMaurice D.$041886 801 0$aIT$bsalbc$gISBD 912 $a990003342460203316 951 $a510 NM (57)$b6451/CBS$c510$d00111475 959 $aBK 969 $aSCI 979 $aRSIAV7$b90$c20091102$lUSA01$h0946 996 $aHewitt - Nachbin Spaces$9348493 997 $aUNISA LEADER 01142nam2-2200361li-450 001 990000191400203316 005 20180312154615.0 010 $a3-540-65761-4 035 $a0019140 035 $aUSA010019140 035 $a(ALEPH)000019140USA01 035 $a0019140 100 $a20001109d2000----km-y0itay0103----ba 101 0 $afre 102 $aGW 200 1 $aChamps algébriques$fGérard Laumon, Laurent Moret-Bailly 210 $aBerlin (etc.)$cSpringer-Verlag$dcopyr. 2000 215 $aXII, 208 p.$cill.$d24 cm 225 2 $aErgebnisse der Mathematik und IhreGrenzgebiete$v39 410 0$10010019132$12001$aErgebnisse der Mathematik und IhreGrenzgebiete 700 1$aLaumon,$bGérard$0351001 702 1$aMoret-Bailly,$bLaurent 801 $aSistema bibliotecario di Ateneo dell' Università di Salerno$gRICA 912 $a990000191400203316 951 $a510 EMIGR (39) (A)$b0024237 959 $aBK 969 $aSCI 979 $c19990111 979 $c20001110$lUSA01$h1713 979 $c20020403$lUSA01$h1627 979 $aPATRY$b90$c20040406$lUSA01$h1614 996 $aChamps algebriques$9374039 997 $aUNISA